<?xml version="1.0" encoding="UTF-8"?>
<record
    xmlns:xsi="http://www.w3.org/2001/XMLSchema-instance"
    xsi:schemaLocation="http://www.loc.gov/MARC21/slim http://www.loc.gov/standards/marcxml/schema/MARC21slim.xsd"
    xmlns="http://www.loc.gov/MARC21/slim">

  <leader>01737nam a22003255i 4500</leader>
  <controlfield tag="001">154490</controlfield>
  <controlfield tag="003">ES-MaACL</controlfield>
  <controlfield tag="005">20250902125915.0</controlfield>
  <controlfield tag="008">040729m18951898fr           |||| | fre d</controlfield>
  <datafield tag="040" ind1=" " ind2=" ">
    <subfield code="a">CAM </subfield>
    <subfield code="b">spa </subfield>
    <subfield code="c">CAM</subfield>
  </datafield>
  <datafield tag="100" ind1="1" ind2=" ">
    <subfield code="a">Goncourt, Edmond de,</subfield>
    <subfield code="d">1822-1896</subfield>
    <subfield code="9">127377</subfield>
  </datafield>
  <datafield tag="245" ind1="1" ind2="0">
    <subfield code="a">Journal des Goncourt </subfield>
    <subfield code="b">: m&#xE9;moires de la vie litt&#xE9;raire.</subfield>
  </datafield>
  <datafield tag="260" ind1=" " ind2=" ">
    <subfield code="a">Paris : </subfield>
    <subfield code="b">G. Charpentier et E. Fasquelle, </subfield>
    <subfield code="c">1895-1898.</subfield>
  </datafield>
  <datafield tag="300" ind1=" " ind2=" ">
    <subfield code="a">9 v. ; </subfield>
    <subfield code="c">18 cm.</subfield>
  </datafield>
  <datafield tag="490" ind1="1" ind2=" ">
    <subfield code="a">Premi&#xE9;re s&#xE9;rie</subfield>
  </datafield>
  <datafield tag="490" ind1="1" ind2=" ">
    <subfield code="a">Troisi&#xE9;me s&#xE9;rie</subfield>
  </datafield>
  <datafield tag="490" ind1="1" ind2=" ">
    <subfield code="a">Biblioth&#xE8;que-Charpentier ; </subfield>
    <subfield code="v">1; 2; 3 ; </subfield>
    <subfield code="v">1; 2; 3</subfield>
  </datafield>
  <datafield tag="490" ind1="1" ind2=" ">
    <subfield code="a">Deuxi&#xE9;me s&#xE9;rie ; </subfield>
    <subfield code="v">1; 2; 3</subfield>
  </datafield>
  <datafield tag="505" ind1="8" ind2=" ">
    <subfield code="a">Contiene: T.I, 1851-1861 - T.II, 1862-1865 - T.III, 1866-1869 - T.IV, 1870-1871 - T.V, 1872-1877 - T.VI, 1878-1884 - T.VII, 1885-1888 - T.VIII, 1889-1891 - T.IX, 1892-1895</subfield>
  </datafield>
  <datafield tag="596" ind1=" " ind2=" ">
    <subfield code="a">En el pie de imp. del t.V no consta el nombre del editor, si su direcci&#xF3;n y serie.</subfield>
  </datafield>
  <datafield tag="597" ind1=" " ind2=" ">
    <subfield code="a">T.I, 1895, Dixi&#xE8;me mille (402 p.) - T.II, 1895, Dixi&#xE8;me mille (340 p.) - T.III (369 p.) - T.IV, 1898, Septi&#xE8;me mille (373 p.) - T.V, 1891, Sixi&#xE8;me mille (355 p.) - T.VI, 1892, Cinqui&#xE8;me mille (356 p.) - T.VII, 1894, Quatri&#xE8;me mille (336 p.) - T.VIII, 1895, Cinqui&#xE8;me mille (300 p.) - T.IX, 1896, Sixi&#xE8;me mille (428 p.)</subfield>
  </datafield>
  <datafield tag="598" ind1=" " ind2=" ">
    <subfield code="a">En el t.II no consta la menci&#xF3;n de serie y n&#xFA;mero de la misma.</subfield>
  </datafield>
  <datafield tag="700" ind1="1" ind2="1">
    <subfield code="a">Goncourt, Jules de,</subfield>
    <subfield code="d">1830-1870</subfield>
    <subfield code="9">58231</subfield>
  </datafield>
  <datafield tag="830" ind1="0" ind2=" ">
    <subfield code="a">Premi&#xE9;re s&#xE9;rie</subfield>
    <subfield code="9">221497</subfield>
  </datafield>
  <datafield tag="830" ind1="0" ind2=" ">
    <subfield code="a">Troisi&#xE9;me s&#xE9;rie</subfield>
    <subfield code="9">221498</subfield>
  </datafield>
  <datafield tag="830" ind1="0" ind2="0">
    <subfield code="a">Biblioth&#xE8;que Charpentier</subfield>
    <subfield code="v">1; 2; 3 ; </subfield>
    <subfield code="v">1; 2; 3</subfield>
    <subfield code="9">182245</subfield>
  </datafield>
  <datafield tag="830" ind1="0" ind2=" ">
    <subfield code="a">Deuxi&#xE9;me s&#xE9;rie ; </subfield>
    <subfield code="v">1; 2; 3</subfield>
    <subfield code="9">221499</subfield>
  </datafield>
  <datafield tag="852" ind1=" " ind2=" ">
    <subfield code="a">ES-MaACL</subfield>
    <subfield code="j">G-15825-15833 </subfield>
    <subfield code="z">-- Enc. pasta espa&#xF1;ola </subfield>
    <subfield code="q">-- Falto de la port. el t.III</subfield>
  </datafield>
  <datafield tag="999" ind1=" " ind2=" ">
    <subfield code="c">154490</subfield>
    <subfield code="d">154490</subfield>
  </datafield>
  <datafield tag="952" ind1=" " ind2=" ">
    <subfield code="0">0</subfield>
    <subfield code="1">0</subfield>
    <subfield code="4">0</subfield>
    <subfield code="7">0</subfield>
    <subfield code="8">LIBXIX</subfield>
    <subfield code="a">ATENEOM</subfield>
    <subfield code="b">ATENEOM</subfield>
    <subfield code="c">SPP3</subfield>
    <subfield code="d">2008-01-17</subfield>
    <subfield code="e">SSC</subfield>
    <subfield code="l">0</subfield>
    <subfield code="o">G-15825-15833</subfield>
    <subfield code="p">1161569</subfield>
    <subfield code="r">2023-02-23 00:00:00</subfield>
    <subfield code="w">2023-02-23</subfield>
    <subfield code="y">MONANT</subfield>
  </datafield>
</record>
